000 01018nam a22003137a 4500
003 CHAP
005 20220329140137.0
008 971013s1964 r 00010 d
010 _a47622
011 _a48594
035 _a52740
040 _cCHAP
090 _aTesis
100 0 0 _aVargas García, Manuel.
_9118015
245 _aDeterminación de fechas de siembra para maíz en el Valle de Culiacán
260 _aChapingo, Méx. :
_bEl autor,
_c1964
300 _a38 h.
_b: ilus.
502 _aTesis (Ing. Agr. Esp. en Fitotecnia) -- ENA. Departamento de Fitotecnia
590 _aALEPH
_b10
_c20130110
_lUCH01
_h1317
590 _aBATCH-UPD
_b10
_c20130110
_lUCH01
_h1721
590 _aBATCH-UPD
_b10
_c20130410
_lUCH01
_h1105
590 _aBATCH-UPD
_b10
_c20130914
_lUCH01
_h1752
590 _aCONVERSION
_b10
_c20130109
_lUCH01
_h1326
650 1 4 _aMaíz
_xSinaloa.
_971062
901 _aBK
942 _cFOLL
949 _bBC
_cTES
_d-117302
_eTS1
_i52740
_si
949 _bBC
_cTES
_d33724000695532
_eTS2
_fc.2
_i52740
_si
999 _c47622
_d47622